Moving crucifixes in modern Spain

Αποθηκεύτηκε σε:
Λεπτομέρειες βιβλιογραφικής εγγραφής
Κύριος συγγραφέας: Christian, William A. 1944-
Μορφή: Βιβλίο
Γλώσσα:English
Δημοσίευση: Princeton : Princeton University Press, 1992
Θέματα:
Ετικέτες: Προσθήκη ετικέτας
Δεν υπάρχουν, Καταχωρήστε ετικέτα πρώτοι!

MARC

LEADER 00000nam a2200000 i 4500
001 1/61282
008 930909s eng d
020 |a 0-691-07387-2 
035 |a ΛΕΣΒΟΣb10000829  |l 10000829 
040 |a GR-MY-UA  |b gre  |e aacr 
041 0 |a eng 
082 0 |a 232.963 
100 1 |a Christian, William A.  |d 1944- 
245 1 0 |a Moving crucifixes in modern Spain /  |c William A. Christian 
260 |a Princeton :   |b Princeton University Press,   |c 1992 
300 |a 220 p. 
504 |a Includes index and bibliographical references 
650 0 0 |a Crosses  |z Spain  |x History  |y 20th century. 
651 0 |a Spain  |x Religious life and customs. 
852 |a INST  |b LESVOS  |e 19930909  |h 232.963 CHR  |p 005100007052  |q 005100007052  |t BK  |y 0 
909 |a Λ  |b 026373